Krainy historyczne Polski - nagła śmierć - Statystyki

Ogólne statystyki
  • Ten quiz został rozwiązany 77 razy
  • Średni wynik to 5 z 15
Answers on the Grid
Answers color-coded by a green-red scale on the quiz's grid according to % correct below.
Pomorze Gdańskie
Warmia
Polesie
Spisz
Orawa
Małopolska
Ziemia dobrzyńska
Łużyce
Ziemia sieradzka
Nowa Marchia
Kujawy
Ruś Czerwona
Śląsk
Podlasie
Litwa
Meklemburgia
Saksonia
Lipów
Suwałki
Pałuki
Sztokholm
Ukraina
Morawy
Kurlandia
Laponia
Gujana
Oksytania
Alzacja
Karpaty
Bieszczady
 
Statystyki odpowiedzi
Odpowiedź % Poprawnych
Podlasie
57%
Polesie
50%
Ziemia sieradzka
47%
Śląsk
43%
Kujawy
40%
Małopolska
40%
Warmia
40%
Pomorze Gdańskie
37%
Łużyce
30%
Ziemia dobrzyńska
30%
Spisz
27%
Ruś Czerwona
23%
Nowa Marchia
20%
Orawa
17%
Litwa
13%
Nie znaleziono quizów pasujących do podanych kryteriów
Rozkład punktacji
Procent ludzi z każdym wynikiem
Percentyl według liczby udzielonych odpowiedzi
Twoja historia wyników
Nie rozwiązałeś tego quizu